000 00241nam a2200109Ia 4500
008 190216s9999||||xx |||||||||||||| ||und||
100 _aHemant R Dani
245 0 _aBalance Sheets
260 _bHealth & Co
_c1973
300 _a217p
942 _cBK
999 _c4440
_d4440